000 01806cam a22004454i 4500
003 PE-LiUPU
005 20250731172728.0
008 150617s1942 nyu r 000 0 eng d
035 _a(Sirsi) a11364
040 _aPE-LiUPU
_bspa
_cPE-LiUPU
_dPE-LiUPU
_erda
049 _aPRUA
082 0 4 _a220.9
_bN49
_221
100 1 _aNewton, William L.,
_eautor.
245 1 0 _aBible History /
_cWilliam L. Newton.
264 1 _aNew York :
_bW. H. Sadlier,
_c1942.
300 _a374 páginas ;
_c19 centímetros.
336 _atext
_2rdacontent
337 _aunmediated
_2rdamedia
338 _avolume
_2rdacarrier
490 0 _aThe Kingdom of God Series
505 0 _aOld Testament History -- Introduction to the Pupil -- The Story of the Old Testament -- Three men and their families -- The Making of a Nation -- The Promised Land -- The children of Israel ruled by Kings -- God allows his nation to perish -- God's People Restored -- New Testament History -- The Story of the New Testament -- The Land Where Jesus Lived -- The infant savior -- Jesus Begins his public life -- Jesus founds his Kingdom -- Jesus Instructs his Apostles -- The death and resurrection of Jesus.
526 _aSEG42
526 _aSEG41
526 _aSEG40
526 _aSEG39
526 _aP94
526 _aP87
526 _aP86
526 _aP85
526 _aP77
526 _aP76
526 _aP35
650 0 4 _aBiblia
_xHistoria sagrada.
910 _ajck
_bjvq
_cjck
_d20150616
942 _2ddc
_cBOOK
994 _aC0
_bPEPRU
596 _a1
999 _a220.9 N49
_wDEWEY
_c1507
_i00030
_d1507
_e2018-2-21
_f2021-11-9
_g5
_lCCODEBUL1
_mBUL
_n2
_p27.00
_r0
_sY
_tBOOK
_u2015-6-17
_xTEOLOGIA
_PP35
_0COMPRA
_o.STAFF. Colección Teología
980 _81
_gALBERTO SANCHEZ Responsable de Automatización